000 00336nam a22001217a 4500
008 180607b xxu||||| |||| 00| 0 eng d
041 _aeng
080 _a043.3
100 _a0
101 _aSHKI-BA
245 _aHumbjet e Sinjalit ne Kabllin Optik, Teknologjia WDM dhe DWDM ne Rrjetat Optike Backbone
_cSylejmani, A
942 _2udc
_cBK
999 _c46557
_d46557